Gaming Quiz

Random Gaming or Numbers Quiz

Default Snood Puzzle Levels Quiz Stats

 Plays Quiz not verified by Sporcle

Challenge
Share
Tweet
Embed
Score 0/50 Timer 05:00
0 Plays Today
Level Number Level % Correct
1Rainbow
92.6%
2Slanty Town
74.1%
3Gone Fishin'
74.1%
4Layers
70.4%
5Drop It!
70.4%
6Junkyard
70.4%
7Let It Snood!
59.3%
8Tricky
59.3%
9Hey
59.3%
10Bonehead
51.9%
11The Wall
51.9%
15Macintosh
51.9%
12Smiley
48.1%
13Drawbridge
48.1%
16Olmec
40.7%
23Hexagon City
40.7%
50The End
40.7%
14Limbo
37%
17Pods
29.6%
22Slats
29.6%
24Pair Party
29.6%
26Ladder
29.6%
28Abstract
29.6%
41Zags
29.6%
43Zigs
29.6%
Level Number Level % Correct
18Trinary
25.9%
19Curtains
25.9%
21Ziggurat
25.9%
25Lightning
25.9%
27Stripey
25.9%
30Find the Dudes
25.9%
33Cranial Castle
25.9%
36Perfection
25.9%
37The Tree
25.9%
20Slalom
22.2%
29Slim
22.2%
34Yo
22.2%
42Columns
22.2%
31Polka
18.5%
35Valentine
18.5%
40 Anchors Aweigh
18.5%
39I, Robot
14.8%
49Chutes
14.8%
38Great Seal
11.1%
44Trilobite
11.1%
32Victory
7.4%
46Bean
7.4%
45Distress
0%
47Beast of Many Hues
0%
48Mixer
0%

You're not logged in!

Compare scores with friends on all Sporcle quizzes.
Join for Free
OR
Log In

You Might Also Like...

Show Comments

Extras

Top Quizzes Today


Score Distribution

Your Account Isn't Verified!

In order to create a playlist on Sporcle, you need to verify the email address you used during registration. Go to your Sporcle Settings to finish the process.

Report this User

Report this user for behavior that violates our Community Guidelines.

Details: